| 000 | 00551nam a2200169 a 4500 | ||
|---|---|---|---|
| 001 | 000034882 | ||
| 005 | 20200930073949.0 | ||
| 008 | 111021s1969 es 000 0 spa d | ||
| 040 |
_aDO-SdBNP _bspa _cBNPHU |
||
| 100 | 1 |
_aClark, Kenneth, _d1903-1983. _960439 |
|
| 240 | 1 | 0 |
_aCivilisation, a personal view _linglés |
| 245 | 1 | 0 |
_aCivilización / _cKenneth Clark. |
| 260 |
_aMadrid : _bAlianza Editorial, _c1969. |
||
| 300 |
_a267 p. ; : _bil. ; _c19 cm. |
||
| 590 | _aPerteneció a la biblioteca personal de Juan Isidro Jimenes Grullón. | ||
| 049 | _aBNPD | ||
| 999 |
_c34373 _d34373 |
||